| 000 | 00360 a2200157 4500 | ||
|---|---|---|---|
| 001 | 157439 | ||
| 020 | _a978-85-8041-978-8 | ||
| 040 | _cEscola São Tomás de Aquino | ||
| 100 | _aCOBEN, Harlan | ||
| 240 | 1 | 0 |
_aApenas um olhar _lpor |
| 245 | 1 | 0 | _aApenas um olhar |
| 300 | _a352 | ||
| 362 | 0 | _a2019 | |
| 697 | _aRomance / Ficção americana | ||
| 942 | _cBK | ||
| 999 |
_c157439 _d157439 |
||